Fractal Space-Time and Microphysics : Towards a Theory of Scale Relativity
Αποθηκεύτηκε σε:
| Κύριος συγγραφέας: | |
|---|---|
| Μορφή: | Βιβλίο |
| Γλώσσα: | English |
| Δημοσίευση: |
Singapore :
World Scientific,
c1993
|
| Θέματα: | |
| Ετικέτες: |
Προσθήκη ετικέτας
Δεν υπάρχουν, Καταχωρήστε ετικέτα πρώτοι!
|
MARC
| LEADER | 00000nam a2200000 i 4500 | ||
|---|---|---|---|
| 001 | 1/44341 | ||
| 008 | 950518s1993 eng d | ||
| 020 | |a 981-02-0878-2 | ||
| 035 | |a 1995 |c ΦΛΕΣΣΑΣ |l 10042257 | ||
| 040 | |a GR-MY-UA |b gre |e aacr | ||
| 041 | 0 | |a eng | |
| 082 | 0 | |a 530.11 | |
| 100 | 1 | |a Nottale, Laurent. | |
| 245 | 1 | 0 | |a Fractal Space-Time and Microphysics : |b Towards a Theory of Scale Relativity / |c Laurent Nottale |
| 260 | |a Singapore : |b World Scientific, |c c1993 | ||
| 300 | |a 333 p.; |c 23 cm. | ||
| 500 | |a Includes bibliographical references and index | ||
| 650 | 0 | 0 | |a Relativity (Physics) |
| 650 | 0 | 0 | |a Quantum theory. |
| 650 | 0 | 0 | |a Scaling laws (Statistical Physics) |
| 650 | 0 | 0 | |a Fractals. |
| 852 | |a INST |b SAMOS |e 19950518 |h 530.11 NOT |p 005300005466 |q 005300005466 |t BK |y 0 | ||
| 909 | |a Σ |b 038945 | ||